000 00552cam a22002291 4500
001 sa 64004573
003 DLC
005 20260227112026.0
008 940602s1960 ii 000 0 beno
010 _asa 64004573
025 _aPL480:EP-B-280
035 _a(OCoLC)30538563
040 _aDLC
_cCU
_dCU
_dDLC
042 _apremarc
050 0 0 _aPK1703
_b.U5 1960
110 2 _aUniversity of Dacca.
245 1 0 _aPrabandha saᚃgraha.
260 _c1960.
300 _a316 p.
_c23 cm.
500 _aIn Bengali.
650 0 _aBengali literature.
999 _c58604
_d58604